Technické rezervy – oceňovanie, tvorba a použite diplomová práca

Salvato in:
Dettagli Bibliografici
Autore principale: Bieliková, Katarína
Ente Autore: Národohospodárska fakulta EU. Katedra poisťovníctva
Altri autori: Majtánová, Anna
Natura: Libro
Lingua:slovacco
Pubblicazione: Bratislava 2018
Tags: Aggiungi Tag
Nessun Tag, puoi essere il primo ad aggiungerne!!

MARC

LEADER 00000nbm a2200000 4500
001 0244402
005 20181113144837.4
041 0 |a slo 
044 |a SK 
245 1 0 |a Technické rezervy – oceňovanie, tvorba a použite  |b diplomová práca  |c Katarína Bieliková ; školiteľ: Anna Majtánová 
264 1 |a Bratislava  |c 2018 
300 |a 79 s. 
100 1 |a Bieliková, Katarína 
700 1 |a Majtánová, Anna 
710 2 |a Národohospodárska fakulta EU. Katedra poisťovníctva